[Event "Macieja Memorial"]
[Site "Warsaw POL"]
[Date "2024.07.08"]
[Round "9.9"]
[White "Sanz Wawer, Daniel"]
[Black "Malek, Jan"]
[Result "1/2-1/2"]
[WhiteElo "2216"]
[BlackElo "2344"]
[EventDate "2024.07.08"]
[PlyCount "135"]

1.d4 d5 2.c4 e6 3.Nc3 c5 4.e3 Nf6 5.Nf3 a6 6.b3 Nc6 7.cxd5 exd5 8.Bb2 cxd4 
9.Nxd4 Bd6 10.Be2 O-O 11.O-O Qc7 12.g3 Rd8 13.Rc1 Bh3 14.Re1 Be5 15.Na4 Ne4 
16.Bf3 Ng5 17.Bg2 Bxg2 18.Kxg2 Bxd4 19.Bxd4 Qd7 20.Qh5 Qf5 21.h4 Qh3+ 22.Kg1 h6 
23.Qe2 Ne6 24.Ba1 d4 25.Rcd1 b5 26.Nb2 dxe3 27.Qxe3 Nb4 28.Qe4 Nxa2 29.Nd3 Rac8 
30.Nf4 Nxf4 31.Qxf4 Rxd1 32.Rxd1 Qe6 33.Qd4 f6 34.Qb2 Nc3 35.Rf1 b4 36.Qd2 Qxb3 
37.Qd7 Qc4 38.Re1 Rc7 39.Qd8+ Kh7 40.Re8 Ne2+ 41.Kg2 Qc6+ 42.Kh2 Qd7 43.Rh8+ 
Kg6 44.Qa8 Rc6 45.Rd8 Qe6 46.Qb8 Qf5 47.Kg2 Rc2 48.Rd1 Qe4+ 49.Kh2 Nf4 50.Qxf4 
Qxf4 51.gxf4 Rxf2+ 52.Kg3 Rc2 53.Bd4 Kf5 54.Ra1 Ke4 55.Bf2 Rc3+ 56.Kg2 Kxf4 
57.Rxa6 b3 58.Ra7 g5 59.Ra6 Kf5 60.hxg5 hxg5 61.Rxf6+ Ke4 62.Rb6 Kd3 63.Bg3 Kc2 
64.Be5 Rc5 65.Bf6 Rf5 66.Kg3 Rxf6 67.Rxf6 b2 68.Rb6 1/2-1/2

[Event "Macieja Memorial"]
[Site "Warsaw POL"]
[Date "2024.07.08"]
[Round "9.10"]
[White "Padalka, Artem"]
[Black "Zatonskih, Anna"]
[Result "0-1"]
[WhiteElo "2101"]
[BlackElo "2324"]
[EventDate "2024.07.08"]
[PlyCount "130"]

1.Nf3 d5 2.g3 g6 3.Bg2 Bg7 4.O-O e5 5.d3 Ne7 6.e4 O-O 7.exd5 Nxd5 8.Re1 Nc6 
9.Nbd2 Re8 10.Nc4 h6 11.a4 a5 12.c3 Rb8 13.Nfd2 Be6 14.Ne4 b6 15.Qc2 Qd7 
16.Ned2 Rbd8 17.Nf3 Bf5 18.Nh4 Be6 19.Nf3 Bg4 20.Nfd2 Nde7 21.Bf1 Bh3 22.Be2 
Nf5 23.Ne4 Qe7 24.Be3 Nxe3 25.Nxe3 Be6 26.Bf3 Qd7 27.Rad1 f5 28.Nd2 Ne7 29.Ndc4 
Bf7 30.Bg2 Kh7 31.Nf1 Nd5 32.Nfe3 Nxe3 33.Nxe3 Qe7 34.Nc4 Qd7 35.Ne3 Re7 36.Nc4 
Rde8 37.Rd2 Bf6 38.Rde2 e4 39.dxe4 Bxc4 40.Re3 Bf7 41.exf5 Rxe3 42.Rxe3 Rxe3 
43.fxe3 Qxf5 44.Be4 Qe5 45.Qd3 Qd6 46.Qc2 Kg7 47.Kf2 Qe5 48.Qd3 Bg5 49.h4 Be7 
50.Bf3 Bc5 51.Bg4 Qd5 52.Qe2 Qe4 53.Bf3 Qxa4 54.Qd3 Qe8 55.h5 Qe7 56.Be4 Qf6+ 
57.Kg2 gxh5 58.Bf5 Bd6 59.e4 Be5 60.Qf3 Qg5 61.Qd3 h4 62.g4 Qf4 63.Qd7 h3+ 
64.Kg1 h2+ 65.Kg2 h1=Q+ 0-1

[Event "Macieja Memorial"]
[Site "Warsaw POL"]
[Date "2024.07.08"]
[Round "9.11"]
[White "Ashwath, Kaushik"]
[Black "Maltsevskaya, Aleksandra"]
[Result "0-1"]
[WhiteElo "1881"]
[BlackElo "2288"]
[EventDate "2024.07.08"]
[PlyCount "87"]

1.e4 c5 2.Nf3 e6 3.d4 cxd4 4.Nxd4 Nf6 5.Nc3 Nc6 6.Ndb5 Bc5 7.Bf4 O-O 8.Bc7 Qe7 
9.Bd6 Bxd6 10.Qxd6 Qd8 11.O-O-O a6 12.Nd4 Ne7 13.h4 b5 14.a3 Bb7 15.f3 Ne8 
16.Qh2 Qc7 17.Qxc7 Nxc7 18.Nb3 d5 19.Na5 Rab8 20.Nxb7 Rxb7 21.exd5 Ncxd5 
22.Nxd5 Nxd5 23.Bd3 Rc7 24.Rhe1 Rfc8 25.g3 Kf8 26.h5 h6 27.Be4 Nf6 28.g4 Nxe4 
29.Rxe4 Rxc2+ 30.Kb1 Ke7 31.Red4 R8c7 32.Ka2 Rf2 33.R1d3 a5 34.a4 bxa4 35.Rxa4 
Rb7 36.Rxa5 Rbxb2+ 37.Ka3 Ra2+ 38.Kb4 Rxa5 39.Kxa5 Rb2 40.Ka4 Kf6 41.Ka3 Rb6 
42.f4 e5 43.f5 Rb7 44.Rd6+ 0-1

[Event "Macieja Memorial"]
[Site "Warsaw POL"]
[Date "2024.07.08"]
[Round "9.12"]
[White "Gahan, M G"]
[Black "Sliwicki, Damian"]
[Result "1/2-1/2"]
[WhiteElo "2237"]
[BlackElo "2058"]
[EventDate "2024.07.08"]
[PlyCount "101"]

1.d4 Nf6 2.Nc3 d5 3.Bf4 g6 4.e3 Bg7 5.h4 c5 6.Nb5 Na6 7.c3 Qb6 8.a4 c4 9.Nf3 
Bd7 10.Ne5 Bxb5 11.axb5 Qxb5 12.Qc2 Nd7 13.h5 Nxe5 14.dxe5 Nc5 15.h6 Bf8 16.b4 
Nd3+ 17.Bxd3 cxd3 18.Qa4 Qxa4 19.Rxa4 Rc8 20.Kd2 a6 21.b5 axb5 22.Rb4 e6 
23.Rxb5 Rc7 24.Rhb1 g5 25.Bxg5 Rg8 26.f4 Be7 27.Bxe7 Rxg2+ 28.Kxd3 Rxe7 29.R1b2 
Rg6 30.Rh2 Rc7 31.Ra5 Kd7 32.Ra8 Rc8 33.Ra7 Rc7 34.Rh3 Rg1 35.Rh2 Rd1+ 36.Ke2 
Rc1 37.Kf3 R1xc3 38.Rd2 b5 39.Ra8 Rc8 40.Ra7+ R3c7 41.Ra6 Rc3 42.Rb6 Rb3 
43.Rb7+ Rc7 44.Rb8 Rcc3 45.Rb7+ Ke8 46.Rb8+ Ke7 47.Rb7+ Ke8 48.Rb8+ Kd7 49.Rb7+ 
Ke8 50.Rb8+ Kd7 51.Rb7+ 1/2-1/2

[Event "Macieja Memorial"]
[Site "Warsaw POL"]
[Date "2024.07.08"]
[Round "9.13"]
[White "Socko, Bartosz"]
[Black "Karwowski, Kacper"]
[Result "1-0"]
[WhiteElo "2552"]
[BlackElo "2184"]
[EventDate "2024.07.08"]
[PlyCount "71"]

1.g3 d5 2.Bg2 Nf6 3.d4 e6 4.Nf3 c5 5.O-O Nc6 6.c4 dxc4 7.Qa4 Bd7 8.dxc5 Na5 
9.Qb4 Rc8 10.Be3 Nd5 11.Qd2 Nxe3 12.Qxe3 Bxc5 13.Qe5 Qf6 14.Nbd2 O-O 15.Rfc1 
Qxe5 16.Nxe5 Bb5 17.a4 Ba6 18.Nd7 Rfd8 19.Nxc5 Rxd2 20.b4 Rxc5 21.Rab1 Nb3 
22.Rc3 Rc8 23.Rbxb3 Rd1+ 24.Bf1 b5 25.Ra3 Rb1 26.axb5 Bxb5 27.Rxa7 Rxb4 28.e4 
Rb3 29.Rxb3 cxb3 30.Bxb5 b2 31.Bd3 Rd8 32.Rb7 f5 33.Bc2 Rd2 34.Rxb2 fxe4 
35.Rb8+ Kf7 36.Bxe4 1-0

[Event "Macieja Memorial"]
[Site "Warsaw POL"]
[Date "2024.07.08"]
[Round "9.14"]
[White "Goraj, Barbara"]
[Black "Nasuta, Grzegorz"]
[Result "0-1"]
[WhiteElo "2095"]
[BlackElo "2420"]
[EventDate "2024.07.08"]
[PlyCount "75"]

1.Nf3 d5 2.c4 c6 3.g3 Nf6 4.Bg2 Bg4 5.O-O e6 6.b3 Nbd7 7.Bb2 Be7 8.d3 O-O 9.e3 
h6 10.Nc3 Bf5 11.Qe2 Bh7 12.Rfd1 Qb6 13.Rac1 a5 14.d4 Rfd8 15.Ne1 Qa6 16.e4 
dxe4 17.Nxe4 a4 18.Bc3 axb3 19.axb3 Qb6 20.Rb1 Ra3 21.c5 Qc7 22.Qb2 Rda8 
23.Nxf6+ Nxf6 24.Ra1 Rxa1 25.Rxa1 Qd8 26.h4 Nd5 27.Bxd5 exd5 28.Rxa8 Qxa8 
29.Qa1 Qc8 30.Kg2 Bg6 31.f3 Kh7 32.Qa7 Bf6 33.Kf2 Qh3 34.Qxb7 Qh2+ 35.Ng2 Qh1 
36.Qxc6 Qc1 37.Be1 Bxd4+ 38.Ke2 0-1

[Event "Macieja Memorial"]
[Site "Warsaw POL"]
[Date "2024.07.08"]
[Round "9.15"]
[White "Nesterenko, Kyrylo"]
[Black "Johannesson, Ingvar Thor"]
[Result "0-1"]
[WhiteElo "2091"]
[BlackElo "2365"]
[EventDate "2024.07.08"]
[PlyCount "64"]

1.d4 Nf6 2.Nf3 e6 3.c4 d5 4.g3 dxc4 5.Qa4+ Nbd7 6.Qxc4 a6 7.a4 b5 8.Qc2 Bb7 
9.Bg2 Be7 10.axb5 axb5 11.Rxa8 Qxa8 12.Qxc7 O-O 13.O-O Rc8 14.Qf4 b4 15.Nbd2 
Nd5 16.Qg4 Rc2 17.Nb3 f5 18.Qh3 Rxe2 19.Bg5 Bf8 20.Re1 Rxe1+ 21.Nxe1 Qa2 22.Nc1 
Qxb2 23.Ncd3 Qb1 24.Bf1 b3 25.Qh5 N7f6 26.Qe2 Ne4 27.Bc1 Ndc3 28.Qb2 Qxb2 
29.Nxb2 Ba3 30.Ned3 Ba6 31.Nd1 Bxc1 32.Nxc3 Bxd3 0-1

[Event "Macieja Memorial"]
[Site "Warsaw POL"]
[Date "2024.07.08"]
[Round "9.17"]
[White "Fiszer, Bartosz"]
[Black "Kacprzak, Kacper"]
[Result "1/2-1/2"]
[WhiteElo "2080"]
[BlackElo "2297"]
[EventDate "2024.07.08"]
[PlyCount "120"]

1.Nf3 d5 2.c4 d4 3.g3 Nc6 4.Bg2 e5 5.d3 Bb4+ 6.Bd2 a5 7.O-O Nf6 8.a3 Be7 9.e3 
dxe3 10.Bxe3 Ng4 11.Bc1 O-O 12.Nc3 Nd4 13.h3 Nxf3+ 14.Qxf3 Nf6 15.Re1 Bd6 
16.Bg5 c6 17.Rad1 h6 18.Bxf6 Qxf6 19.Qxf6 gxf6 20.d4 exd4 21.Ne4 Be7 22.Rxd4 
Be6 23.Nc3 f5 24.Bf1 Bf6 25.Rf4 Rad8 26.Rf3 Rd2 27.b3 Kg7 28.Na4 Bd4 29.Re2 Rd1 
30.Kg2 b5 31.cxb5 cxb5 32.Nc3 Rc1 33.Nxb5 Bc5 34.Rc3 Rxc3 35.Nxc3 Bxa3 36.Re5 
Bb4 37.Nd5 Rc8 38.Nxb4 axb4 39.Rb5 Bxb3 40.Bd3 Rd8 41.Bxf5 Bd5+ 42.Kh2 b3 
43.Bg4 Bc4 44.Rb4 Bd5 45.Bd1 Be6 46.Bxb3 Bxb3 47.Rxb3 Rd2 48.Kg2 h5 49.Rb5 Kg6 
50.Kf3 Rd3+ 51.Ke4 Ra3 52.Rd5 f6 53.Rd8 Ra4+ 54.Kf3 Ra3+ 55.Kg2 Ra2 56.Rg8+ Kf7 
57.Rh8 Kg6 58.h4 Rb2 59.Re8 Ra2 60.Re3 Rb2 1/2-1/2

[Event "Macieja Memorial"]
[Site "Warsaw POL"]
[Date "2024.07.08"]
[Round "9.18"]
[White "Socko, Monika"]
[Black "Maack, Kjartan"]
[Result "1-0"]
[WhiteElo "2288"]
[BlackElo "2030"]
[EventDate "2024.07.08"]
[PlyCount "75"]

1.d4 d5 2.Nf3 Bf5 3.g3 e6 4.Bg2 Nf6 5.c4 Bb4+ 6.Nc3 c6 7.Qb3 Bxc3+ 8.bxc3 Qb6 
9.Ba3 Qxb3 10.axb3 Bc2 11.Nd2 Kd7 12.Bc5 a6 13.O-O Kc7 14.Rfc1 Bg6 15.f3 Nbd7 
16.Ba3 Ne8 17.e4 f5 18.cxd5 exd5 19.exd5 cxd5 20.c4 dxc4 21.Nxc4 Kd8 22.f4 Bf7 
23.Bxb7 Ra7 24.Bf3 Bxc4 25.bxc4 Nef6 26.Bd6 Re8 27.Be5 Nxe5 28.fxe5 Nd7 29.c5 
Nf8 30.Rab1 Kc7 31.Rb6 Re6 32.Rcb1 a5 33.Bd5 Rg6 34.e6 Kd8 35.Rb8+ Ke7 36.R8b7+ 
Rxb7 37.Rxb7+ Ke8 38.Bc6+ 1-0

[Event "Macieja Memorial"]
[Site "Warsaw POL"]
[Date "2024.07.08"]
[Round "9.19"]
[White "Grochulski, Grzegorz"]
[Black "Kokoszczynski, Jan"]
[Result "0-1"]
[WhiteElo "2023"]
[BlackElo "2243"]
[EventDate "2024.07.08"]
[PlyCount "130"]

1.e4 c6 2.d4 d5 3.e5 Bf5 4.h4 h5 5.Bg5 Qb6 6.Bd3 Bxd3 7.Qxd3 e6 8.Nd2 Nh6 
9.Bxh6 Rxh6 10.Ngf3 g6 11.Ng5 Be7 12.O-O-O Rh8 13.Ndf3 Qa6 14.Qb3 Nd7 15.Kb1 c5 
16.c3 Qb6 17.Qa4 Qc6 18.Qc2 Bxg5 19.Nxg5 cxd4 20.Rxd4 Nxe5 21.Re1 Nd7 22.Nxe6 
fxe6 23.Qxg6+ Ke7 24.Qg7+ Kd6 25.Qg3+ Ke7 26.Qg7+ Kd6 27.Qg3+ e5 28.c4 Kc7 
29.cxd5 Qd6 30.Rc4+ Kb8 31.Rd1 a6 32.Qe3 Rf8 33.f3 a5 34.g4 hxg4 35.fxg4 Ra6 
36.g5 Qg6+ 37.Ka1 Rd6 38.Qe2 e4 39.Rxe4 Qf5 40.Re8+ Rxe8 41.Qxe8+ Ka7 42.Qe3+ 
Nb6 43.a3 Rxd5 44.Rxd5 Qxd5 45.h5 Qd1+ 46.Ka2 Qxh5 47.Qg1 Qf7+ 48.Kb1 Qg6+ 
49.Kc1 Ka8 50.Qc5 a4 51.Qa5+ Kb8 52.Qe5+ Kc8 53.Qf4 Kd7 54.Qd4+ Kc7 55.Qf4+ Kc6 
56.Qf3+ Nd5 57.Qg2 b5 58.Qg3 Kc5 59.Qg1+ Kd6 60.Qg3+ Kc6 61.Qg2 Kd6 62.Qg3+ Kd7 
63.Qg4+ Qe6 64.Qg2 Qe1+ 65.Kc2 Ne3+ 0-1

[Event "Macieja Memorial"]
[Site "Warsaw POL"]
[Date "2024.07.08"]
[Round "9.20"]
[White "Szustakowski, Antoni"]
[Black "Kaminski, Maciej"]
[Result "1-0"]
[WhiteElo "2207"]
[BlackElo "2019"]
[EventDate "2024.07.08"]
[PlyCount "79"]

1.d4 Nf6 2.c4 e5 3.dxe5 Ng4 4.Bf4 Nc6 5.Nf3 Bb4+ 6.Nbd2 Qe7 7.a3 Ngxe5 8.Nxe5 
Nxe5 9.e3 Bxd2+ 10.Qxd2 d6 11.Be2 Bd7 12.O-O Bc6 13.b4 O-O 14.Qc3 Qf6 15.Rac1 
Qg6 16.Bg3 b6 17.c5 bxc5 18.bxc5 Be4 19.cxd6 cxd6 20.Qd4 Bd3 21.Bxd3 Nxd3 
22.Rc6 Rfd8 23.Rd1 Nc5 24.Rxc5 h6 25.Rd5 Rdc8 26.h3 Qc2 27.Rxd6 Rab8 28.Rd7 Rb1 
29.Rxb1 Qxb1+ 30.Kh2 a5 31.Rd8+ Rxd8 32.Qxd8+ Kh7 33.Qxa5 Qe4 34.Qb4 Qe6 35.a4 
g5 36.a5 h5 37.h4 gxh4 38.Qxh4 Kh6 39.Qf4+ Kg6 40.Qd6 1-0

[Event "Macieja Memorial"]
[Site "Warsaw POL"]
[Date "2024.07.08"]
[Round "9.21"]
[White "Rajlich, Iweta"]
[Black "Smetek, Michal"]
[Result "1/2-1/2"]
[WhiteElo "2379"]
[BlackElo "1979"]
[EventDate "2024.07.08"]
[PlyCount "125"]

1.Nf3 d5 2.g3 Nf6 3.Bg2 g6 4.O-O Bg7 5.c4 c6 6.Qc2 O-O 7.d3 a5 8.Nc3 Na6 9.a3 
dxc4 10.dxc4 Bf5 11.e4 Be6 12.Rd1 Qc8 13.Qe2 h6 14.Nd4 Bh3 15.e5 Ne8 16.e6 Bxg2 
17.exf7+ Rxf7 18.Kxg2 e5 19.Nb3 Nac7 20.Nc5 Ne6 21.N3e4 Nxc5 22.Nxc5 b6 23.Ne4 
Qf5 24.f3 Qe6 25.Be3 Rb8 26.Rd3 Qxc4 27.Rc1 Qe6 28.Rcd1 c5 29.Rd8 Rxd8 30.Rxd8 
Qe7 31.Qd2 Kh7 32.Rb8 Nf6 33.Nxf6+ Qxf6 34.Qd5 e4 35.fxe4 Qxb2+ 36.Kh3 Qf6 
37.Bf4 g5 38.Be5 Qg6 39.Kg2 Qh5 40.Bxg7 Qe2+ 41.Kh3 Qf1+ 42.Kg4 Qf3+ 43.Kh3 
Qf1+ 44.Kg4 Qf3+ 45.Kh3 Rxg7 46.Re8 Qf1+ 47.Kg4 Qe2+ 48.Kf5 Qf3+ 49.Ke5 Qc3+ 
50.Kd6 Qf6+ 51.Re6 Qd8+ 52.Kc6 Qc8+ 53.Kxb6 Qb8+ 54.Kxc5 Rc7+ 55.Rc6 Qa7+ 
56.Kc4 Qa6+ 57.Kc5 Qa7+ 58.Kc4 Qa6+ 59.Kc5 Qa7+ 60.Kb5 Rb7+ 61.Ka4 Rc7 62.Kb5 
Qb7+ 63.Rb6 1/2-1/2

[Event "Macieja Memorial"]
[Site "Warsaw POL"]
[Date "2024.07.08"]
[Round "9.22"]
[White "Krasenkow, Michal"]
[Black "Kazmierowski, Tymon"]
[Result "1-0"]
[WhiteElo "2376"]
[BlackElo "1982"]
[EventDate "2024.07.08"]
[PlyCount "57"]

1.d4 Nf6 2.c4 e6 3.Nf3 b6 4.a3 Bb7 5.Nc3 d5 6.cxd5 Nxd5 7.Qc2 Be7 8.e4 Nxc3 
9.bxc3 O-O 10.Bd3 c5 11.O-O Nc6 12.d5 exd5 13.exd5 Qxd5 14.Bxh7+ Kh8 15.Be4 Qh5 
16.Bf4 Bf6 17.Rad1 Rad8 18.Bc7 Rxd1 19.Rxd1 Na5 20.Bxb7 Nxb7 21.Qe4 Na5 22.Rd5 
Qg6 23.Rf5 Rc8 24.Be5 Bxe5 25.Nxe5 Qh7 26.Nxf7+ Kg8 27.Qe6 Qxf5 28.Nh6+ Kh8 
29.Nxf5 1-0

[Event "Macieja Memorial"]
[Site "Warsaw POL"]
[Date "2024.07.08"]
[Round "9.23"]
[White "Goslawski, Michal"]
[Black "Czernek, Tymon"]
[Result "1/2-1/2"]
[WhiteElo "1987"]
[BlackElo "2253"]
[EventDate "2024.07.08"]
[PlyCount "154"]

1.Nf3 Nf6 2.c4 e6 3.g3 d5 4.Bg2 Bd6 5.O-O O-O 6.d4 c6 7.Nc3 Nbd7 8.Nd2 Re8 9.e4 
dxe4 10.Ndxe4 Nxe4 11.Nxe4 Be7 12.Be3 Nf6 13.Nc3 h6 14.Qe2 Qc7 15.Rad1 Bd6 
16.Rfe1 Bd7 17.c5 Bf8 18.Bf4 Qa5 19.a3 Nd5 20.Bd2 Nxc3 21.Bxc3 Qc7 22.b4 Rad8 
23.a4 Be7 24.Bd2 Qc8 25.h4 b6 26.Rc1 bxc5 27.dxc5 Bf6 28.Be3 e5 29.b5 e4 30.Qc4 
Bf5 31.Red1 Rxd1+ 32.Rxd1 Be6 33.Qc2 Bd5 34.b6 a6 35.a5 Re7 36.Bf1 Be5 37.Rxd5 
cxd5 38.c6 d4 39.Bc1 d3 40.Qc5 Qd8 41.Bd2 Bd4 42.Qf5 Re6 43.c7 Qc8 44.Bh3 Qe8 
45.Qf4 Rc6 46.c8=Q Rxc8 47.Bxc8 Qxc8 48.Qxe4 Qc4 49.Kg2 Qc5 50.b7 Be5 51.Qxd3 
g6 52.Qe4 f5 53.Qf3 Qd6 54.Be3 Qc7 55.Ba7 Qd8 56.Qc6 Kg7 57.Kh2 f4 58.Qf3 fxg3+ 
59.fxg3 Qd2+ 60.Qg2 Qb4 61.b8=Q Bxb8 62.Bxb8 Qxb8 63.Qd5 Qb2+ 64.Kh3 Qf6 65.Kg2 
Qb2+ 66.Kh3 Qf6 67.Kg2 h5 68.Qb7+ Kh6 69.Qd5 Qb2+ 70.Kf3 Qc3+ 71.Kg2 Qc2+ 
72.Kf3 Qc3+ 73.Kf2 Qc8 74.Kg2 Qc7 75.Qd2+ Kh7 76.Qd5 Kh6 77.Qd2+ Kh7 1/2-1/2

[Event "Macieja Memorial"]
[Site "Warsaw POL"]
[Date "2024.07.08"]
[Round "9.24"]
[White "Sriram, Jha"]
[Black "Tsiapko, Andrii"]
[Result "1-0"]
[WhiteElo "2191"]
[BlackElo "1930"]
[EventDate "2024.07.08"]
[PlyCount "76"]

1.d4 d5 2.Nf3 Nf6 3.c4 e6 4.Bg5 Be7 5.Nc3 h6 6.Bxf6 Bxf6 7.e3 O-O 8.Qb3 c6 
9.Be2 Nd7 10.O-O dxc4 11.Bxc4 c5 12.d5 Bxc3 13.Qxc3 exd5 14.Bxd5 Nf6 15.Bb3 Qe7 
16.Qe5 Qxe5 17.Nxe5 Nd7 18.Nc4 Nf6 19.Nd6 Rb8 20.Rfd1 Bd7 21.e4 Bc6 22.e5 Ne4 
23.Nxe4 Bxe4 24.Rd7 Bc6 25.Re7 Rbe8 26.Rxe8 Rxe8 27.f4 b5 28.Rd1 c4 29.Bc2 f6 
30.Rd6 Ba8 31.e6 Kf8 32.f5 Rc8 33.Rd7 Bc6 34.Rxa7 Re8 35.Rc7 Ba8 36.Kf2 g6 
37.fxg6 Rxe6 38.Rc8+ Kg7 1-0

[Event "Macieja Memorial"]
[Site "Warsaw POL"]
[Date "2024.07.08"]
[Round "9.25"]
[White "Mulawa, Cyprian"]
[Black "Lewandowski, Rafal"]
[Result "1-0"]
[WhiteElo "2178"]
[BlackElo "1940"]
[EventDate "2024.07.08"]
[PlyCount "51"]

1.Nf3 d5 2.e3 c5 3.c4 e6 4.cxd5 exd5 5.b3 Nf6 6.Bb2 Be7 7.d4 O-O 8.Be2 Nc6 
9.O-O cxd4 10.Nxd4 Ne4 11.Nc3 Nxd4 12.exd4 Bf6 13.Bf3 Nxc3 14.Bxc3 Be6 15.Rc1 
a5 16.Qd3 Qb6 17.Bb2 a4 18.Ba3 Rfc8 19.Bc5 Qa6 20.Qxa6 Rxa6 21.b4 b6 22.Be2 
Raa8 23.Bxb6 Bg5 24.Rxc8+ Rxc8 25.Bc5 Bd2 26.b5 1-0

[Event "Macieja Memorial"]
[Site "Warsaw POL"]
[Date "2024.07.08"]
[Round "9.26"]
[White "Rekuc, Patryk"]
[Black "Wieckowski, Michal"]
[Result "1-0"]
[WhiteElo "2131"]
[BlackElo "1904"]
[EventDate "2024.07.08"]
[PlyCount "81"]

1.d4 f5 2.c4 Nf6 3.Nf3 g6 4.e3 Bg7 5.Bd3 O-O 6.Nc3 d6 7.b3 Nc6 8.Bb2 e5 9.dxe5 
dxe5 10.Be2 Be6 11.Qxd8 Raxd8 12.Nb5 Ne8 13.Ng5 Bf7 14.Ba3 a6 15.Bxf8 Bxf8 
16.Nc3 Bb4 17.Rc1 Nf6 18.Nxf7 Kxf7 19.O-O Rd2 20.Rfe1 Ke6 21.c5 e4 22.Bc4+ Ke7 
23.h3 Ne5 24.c6 b5 25.Bf1 Nxc6 26.Re2 Rxe2 27.Bxe2 Ne5 28.a4 Bxc3 29.Rxc3 Nd5 
30.Rc1 c6 31.Kf1 a5 32.axb5 cxb5 33.Rc5 Kd6 34.Rxb5 Nc3 35.Rxa5 Nc6 36.Ra6 Kc5 
37.Ra8 Kb4 38.Bc4 Na5 39.Rb8+ Kc5 40.b4+ Kxc4 41.bxa5 1-0

[Event "Macieja Memorial"]
[Site "Warsaw POL"]
[Date "2024.07.08"]
[Round "9.27"]
[White "Krzywda, Andrzej"]
[Black "Barwinska, Ewa"]
[Result "1-0"]
[WhiteElo "2123"]
[BlackElo "1927"]
[EventDate "2024.07.08"]
[PlyCount "73"]

1.e4 c5 2.Nf3 d6 3.d4 cxd4 4.Nxd4 Nf6 5.Nc3 a6 6.Be3 e5 7.Nb3 Be6 8.h3 b5 9.Qf3 
Be7 10.O-O-O Qc7 11.g4 b4 12.Nd5 Bxd5 13.exd5 a5 14.Bb5+ Nfd7 15.Ba4 O-O 16.Kb1 
Nb6 17.Bxb6 Qxb6 18.h4 Na6 19.g5 Nc5 20.Nxc5 dxc5 21.d6 Bxd6 22.Qd5 Rad8 23.Bb3 
Bc7 24.Qc4 Qc6 25.Qg4 a4 26.Bc4 a3 27.h5 Rd4 28.Rxd4 cxd4 29.Bxf7+ Rxf7 30.Rc1 
axb2 31.Kxb2 e4 32.g6 Rf8 33.h6 Be5 34.gxh7+ Kh8 35.hxg7+ Bxg7 36.Rg1 d3+ 
37.Qxg7# 1-0

[Event "Macieja Memorial"]
[Site "Warsaw POL"]
[Date "2024.07.08"]
[Round "9.28"]
[White "Skurniak, Szymon"]
[Black "Zareba, Piotr"]
[Result "1-0"]
[WhiteElo "2107"]
[BlackElo "1828"]
[EventDate "2024.07.08"]
[PlyCount "89"]

1.e4 c6 2.Nf3 g6 3.d4 Bg7 4.Nc3 d5 5.h3 dxe4 6.Nxe4 Nf6 7.Nxf6+ Bxf6 8.Bh6 Be6 
9.c3 Nd7 10.Bd3 Qc7 11.O-O O-O-O 12.Qa4 Kb8 13.Rfe1 Bf5 14.Bc4 Nb6 15.Qb3 Nxc4 
16.Qxc4 Be6 17.Qa4 Rhg8 18.d5 Bxd5 19.Bf4 Rd6 20.Bxd6 Qxd6 21.Rad1 Qc7 22.Qg4 
h5 23.Qg3 Bxf3 24.gxf3 e5 25.Re4 Ka8 26.f4 Re8 27.Rde1 Re6 28.fxe5 Be7 29.Qf3 
Bc5 30.b4 Bb6 31.c4 a5 32.c5 Ba7 33.a3 Bb8 34.Qc3 f6 35.bxa5 Rxe5 36.Rxe5 fxe5 
37.Re4 Qf7 38.Qc4 Qf3 39.a6 Qd1+ 40.Kg2 g5 41.axb7+ Kxb7 42.Qf7+ Ka6 43.Rb4 
Qd5+ 44.Qxd5 cxd5 45.Rxb8 1-0

[Event "Macieja Memorial"]
[Site "Warsaw POL"]
[Date "2024.07.08"]
[Round "9.29"]
[White "Smietanska, Wiktoria"]
[Black "Szczotka, Klara"]
[Result "1/2-1/2"]
[WhiteElo "1975"]
[BlackElo "2093"]
[EventDate "2024.07.08"]
[PlyCount "130"]

1.c4 Nf6 2.Nc3 e6 3.e4 d5 4.e5 d4 5.exf6 dxc3 6.bxc3 gxf6 7.Nf3 c5 8.d4 cxd4 
9.cxd4 b6 10.Bd3 Bb7 11.O-O Nd7 12.Re1 Qc7 13.d5 e5 14.Bb2 Bd6 15.Qc2 h5 16.Nh4 
Nc5 17.Nf5 Bc8 18.Nxd6+ Qxd6 19.f4 Nd7 20.Bf5 Ba6 21.Bxd7+ Kxd7 22.fxe5 Qc5+ 
23.Kh1 Bxc4 24.Qf5+ Kc7 25.d6+ Kb7 26.Qxf6 Rhg8 27.Rac1 Qd5 28.Qf3 Qxf3 29.gxf3 
Bd5 30.Re3 Rac8 31.Rxc8 Kxc8 32.Bc3 Kd7 33.h3 Ke6 34.Kh2 Rc8 35.Kg3 Rg8+ 36.Kh4 
Kf5 37.Rd3 Be6 38.Rd4 Rc8 39.Bb4 Kxe5 40.Rd2 Rc4+ 41.Kxh5 Rxb4 42.d7 Bxd7 
43.Rxd7 Ra4 44.Rxf7 Rxa2 45.f4+ Ke6 46.Rf8 b5 47.f5+ Ke7 48.Rb8 a6 49.Rb6 Kf7 
50.Kg5 Rg2+ 51.Kf4 Rf2+ 52.Kg4 Rg2+ 53.Kf3 Ra2 54.h4 Ra4 55.h5 Ra3+ 56.Kf4 Ra1 
57.h6 Rf1+ 58.Kg4 Rg1+ 59.Kf4 Rf1+ 60.Ke4 Re1+ 61.Kd3 Rd1+ 62.Ke2 Rd5 63.f6 Rh5 
64.Rxa6 Rxh6 65.Rb6 Rxf6 1/2-1/2

[Event "Macieja Memorial"]
[Site "Warsaw POL"]
[Date "2024.07.08"]
[Round "9.30"]
[White "Gbiorczyk, Mikolaj"]
[Black "Terkiewicz, Bruno"]
[Result "1-0"]
[WhiteElo "1967"]
[BlackElo "2084"]
[EventDate "2024.07.08"]
[PlyCount "113"]

1.e4 c6 2.d4 d5 3.Nc3 dxe4 4.Nxe4 Bf5 5.Ng3 Bg6 6.h4 h6 7.Nf3 Nd7 8.Bd3 Bxd3 
9.Qxd3 e6 10.Bd2 Ngf6 11.O-O-O Be7 12.Kb1 O-O 13.Nf1 Ng4 14.Qe2 a5 15.Ne3 Nxe3 
16.Bxe3 Nf6 17.Ne5 Nd5 18.g4 Bxh4 19.f4 a4 20.g5 a3 21.Rxh4 Qb6 22.Kc1 Qxb2+ 
23.Kd2 Qc3+ 24.Kc1 Qxe3+ 25.Qxe3 Nxe3 26.Rd3 Nf5 27.Rhh3 hxg5 28.fxg5 Rfd8 
29.c3 f6 30.gxf6 gxf6 31.Nc4 b5 32.Nd2 Kf7 33.Rh7+ Kg6 34.Rc7 Rac8 35.Rxc8 Rxc8 
36.Ne4 Rh8 37.Kc2 Rh1 38.Kb3 Re1 39.Nc5 e5 40.dxe5 fxe5 41.Kxa3 e4 42.Rd8 e3 
43.Re8 Kf7 44.Re4 Nd6 45.Rf4+ Kg6 46.Nd3 Nc4+ 47.Rxc4 bxc4 48.Nxe1 Kf5 49.Kb4 
Kg4 50.Kxc4 Kg3 51.Kd3 Kf2 52.a4 c5 53.c4 e2 54.Kd2 Kg3 55.Kxe2 Kf4 56.a5 Ke4 
57.a6 1-0

[Event "Macieja Memorial"]
[Site "Warsaw POL"]
[Date "2024.07.08"]
[Round "9.31"]
[White "Alvarado, Carlos"]
[Black "Ptaszynski, Szymon"]
[Result "1-0"]
[WhiteElo "2040"]
[BlackElo "1825"]
[EventDate "2024.07.08"]
[PlyCount "143"]

1.Nf3 c5 2.b3 d5 3.Bb2 Nc6 4.e3 Qc7 5.Bb5 Bg4 6.h3 Bxf3 7.Qxf3 e6 8.O-O a6 
9.Be2 f6 10.c4 d4 11.d3 Bd6 12.Nd2 Nge7 13.Ne4 O-O 14.Nxd6 Qxd6 15.Rfd1 Rab8 
16.a3 Ne5 17.Qg3 Nf5 18.Qf4 Nc6 19.Qxd6 Nxd6 20.Bf3 e5 21.Rab1 Ne7 22.b4 b6 
23.g4 f5 24.Kg2 fxg4 25.hxg4 Ng6 26.Bd5+ Kh8 27.Rh1 Rf6 28.Rh5 Rbf8 29.f3 Nf7 
30.Rbh1 h6 31.Rf5 Rxf5 32.gxf5 Ne7 33.Be6 Ng5 34.e4 Nxe6 35.fxe6 Rf6 36.bxc5 
bxc5 37.Bc1 Rxe6 38.f4 Nc6 39.Bd2 Kg8 40.f5 Rf6 41.Rb1 Ne7 42.Rb7 Nc6 43.Be1 
Kh7 44.Bh4 Rd6 45.Rb6 g5 46.Bg3 Kg7 47.Bxe5+ Nxe5 48.Rxd6 Nxd3 49.Rg6+ Kf7 
50.Rxh6 Ne5 51.Rxa6 Nxc4 52.a4 d3 53.Ra7+ Ke8 54.Kf3 Ne5+ 55.Ke3 c4 56.Ra5 Ng4+ 
57.Kd2 Nf6 58.Ke3 Ng4+ 59.Kd2 Nf6 60.e5 Ne4+ 61.Ke3 Ng3 62.f6 Kf7 63.Rc5 Nf5+ 
64.Kd2 g4 65.Rxc4 g3 66.Rg4 Ke6 67.Kxd3 Nh6 68.Rxg3 Kxe5 69.Rf3 Nf7 70.a5 Kd6 
71.a6 Ne5+ 72.Ke2 1-0

[Event "Macieja Memorial"]
[Site "Warsaw POL"]
[Date "2024.07.08"]
[Round "9.32"]
[White "Pires, Emanuel Joao Robarts"]
[Black "Obrycki, Tomasz"]
[Result "1-0"]
[WhiteElo "2032"]
[BlackElo "1795"]
[EventDate "2024.07.08"]
[PlyCount "65"]

1.e4 c5 2.d4 cxd4 3.c3 d3 4.Bxd3 Nc6 5.Nf3 d6 6.h3 Nf6 7.O-O e6 8.Qe2 a6 9.Rd1 
Qc7 10.Bf4 Ne5 11.Nxe5 dxe5 12.Be3 Bd7 13.Nd2 Bc5 14.Rac1 Bxe3 15.Qxe3 O-O 
16.Nf3 h6 17.c4 Bc6 18.c5 Rfd8 19.b4 Bb5 20.Bc2 Kf8 21.Qc3 Bc6 22.Qe3 a5 23.a3 
Ke7 24.Qe2 axb4 25.axb4 Rxd1+ 26.Rxd1 Ra2 27.Qc4 Rb2 28.Qc3 Ra2 29.Bd3 Nxe4 
30.Qc4 Ra8 31.Bxe4 Ra2 32.Bd3 Bd5 33.Qc1 1-0

[Event "Macieja Memorial"]
[Site "Warsaw POL"]
[Date "2024.07.08"]
[Round "9.33"]
[White "Syrkiewicz, Michal"]
[Black "Jedrusik, Adam"]
[Result "0-1"]
[WhiteElo "1930"]
[BlackElo "1998"]
[EventDate "2024.07.08"]
[PlyCount "38"]

1.e4 c6 2.d4 d5 3.e5 Bf5 4.h4 Qb6 5.c4 dxc4 6.Nc3 e6 7.Bxc4 Bb4 8.Ne2 h6 9.Be3 
Qa5 10.a3 Bxc3+ 11.Nxc3 Nd7 12.O-O Ne7 13.Bd3 O-O 14.Ne4 Rad8 15.Nd6 Bxd3 
16.Qxd3 Nxe5 17.Nxb7 Qc7 18.Qa6 Rb8 19.Nc5 Ng4 0-1

[Event "Macieja Memorial"]
[Site "Warsaw POL"]
[Date "2024.07.08"]
[Round "9.34"]
[White "Patil, Harshal"]
[Black "Lewczuk, Jakub"]
[Result "1-0"]
[WhiteElo "1995"]
[BlackElo "1674"]
[EventDate "2024.07.08"]
[PlyCount "53"]

1.Nf3 d5 2.c4 c6 3.g3 Nf6 4.Bg2 Bg4 5.O-O e6 6.Ne5 Bh5 7.d4 Bd6 8.Nc3 O-O 9.Bg5 
h6 10.Bf4 Bxe5 11.dxe5 Nfd7 12.h4 dxc4 13.a4 Qc7 14.Qd4 Rd8 15.Rfd1 Na6 16.Qxc4 
Nxe5 17.Qe4 f6 18.Bh3 Kh8 19.Bxe6 Re8 20.Bxe5 fxe5 21.Rd7 Qb6 22.Qxe5 Rg8 
23.Bxg8 Rxg8 24.Qxh5 Qxb2 25.Rb1 Qxc3 26.Rbxb7 Nc5 27.Qxh6+ 1-0

[Event "Macieja Memorial"]
[Site "Warsaw POL"]
[Date "2024.07.08"]
[Round "9.35"]
[White "Zalega, Maciej"]
[Black "Zurkowski, Andrzej"]
[Result "1-0"]
[WhiteElo "1922"]
[BlackElo "1993"]
[EventDate "2024.07.08"]
[PlyCount "89"]

1.e4 d5 2.exd5 Nf6 3.Nc3 Nxd5 4.Nf3 c6 5.Bc4 Bg4 6.h3 Bh5 7.d4 e6 8.Nxd5 exd5 
9.Bd3 Be7 10.O-O O-O 11.Bf4 Nd7 12.Be2 Nf6 13.Ne5 Bxe2 14.Qxe2 Bd6 15.Bg5 Re8 
16.Rfe1 h6 17.Bh4 Be7 18.Qf3 Qb6 19.c3 Qc7 20.Re2 Rf8 21.Rae1 Bd8 22.Bg3 Qc8 
23.Ng4 Ne4 24.Be5 f6 25.Bf4 Qf5 26.Qe3 h5 27.f3 Ng5 28.Nf2 Nf7 29.Nd3 Bb6 30.g4 
Qg6 31.Nf2 a5 32.Kg2 a4 33.a3 Rad8 34.Nh1 hxg4 35.hxg4 f5 36.g5 Nxg5 37.Bxg5 
Rde8 38.Qd2 f4 39.Rxe8 Qxg5+ 40.Kf2 Qh4+ 41.Kg2 Qg5+ 42.Kf1 Rxe8 43.Rxe8+ Kh7 
44.Qh2+ Kg6 45.Qg2 1-0